Henriques v Stephens (VO) (Record no. 69260)
[ view plain ]
| 000 -LEADER | |
|---|---|
| fixed length control field | 01383cam a2200241 4500 |
| 001 - CONTROL NUMBER | |
| control field | ABS64853 |
| 008 - FIXED-LENGTH DATA ELEMENTS--GENERAL INFORMATION | |
| fixed length control field | 020114n2001 000 0 eng u |
| 035 ## - SYSTEM CONTROL NUMBER | |
| System control number | (Sirsi) u116272 |
| 245 ## - TITLE STATEMENT | |
| Title | Henriques v Stephens (VO) |
| 260 ## - PUBLICATION, DISTRIBUTION, ETC. | |
| Date of publication, distribution, etc. | 2001 |
| 490 ## - SERIES STATEMENT | |
| Series statement | Rating Appeals |
| Volume/sequential designation | [2001] RA 366-377(12) |
| 520 ## - SUMMARY, ETC. | |
| Summary, etc. | LT 6 August 2001. A local valuation tribunal valued a property described as an office at £810 rateable value. Ratepayer appealed against decision arguing that the Oxford English Dictionary definition of an office did not fit the description of the building. The premises was in exceptionally poor repair and was structually defective. The LT decided the premises were a hereditament correctly described as offices as it was used as an office until 1991 and could be used for such a purpose again if reasonable repairs were carried out. A lower rateable value was determined at the date 1 April 1995 at £585. View at www.courtservice.gov.uk/tribunals/lands_frm.htm. |
| 590 ## - LOCAL NOTE (RLIN) | |
| Local note | ABS |
| 650 ## - SUBJECT ADDED ENTRY--TOPICAL TERM | |
| Topical term or geographic name entry element | HENRIQUES V STEPHENS (VO) (2001) |
| 650 ## - SUBJECT ADDED ENTRY--TOPICAL TERM | |
| Topical term or geographic name entry element | ANNUAL VALUE |
| 650 ## - SUBJECT ADDED ENTRY--TOPICAL TERM | |
| Topical term or geographic name entry element | OFFICE |
| 650 ## - SUBJECT ADDED ENTRY--TOPICAL TERM | |
| Topical term or geographic name entry element | HEREDITAMENTS |
| 650 ## - SUBJECT ADDED ENTRY--TOPICAL TERM | |
| Topical term or geographic name entry element | REPAIR WORK |
| 650 ## - SUBJECT ADDED ENTRY--TOPICAL TERM | |
| Topical term or geographic name entry element | STRUCTURAL DEFECTS |
| 690 ## - LOCAL SUBJECT ADDED ENTRY--TOPICAL TERM (OCLC, RLIN) | |
| Topical term or geographic name as entry element | BUILDING AND CONSTRUCTION-CASE LAW |
| 856 ## - ELECTRONIC LOCATION AND ACCESS | |
| Uniform Resource Identifier | <a href="https://www.courtservice.gov.uk/tribunals/lands/decisions/dec-ra-45-00.htm">https://www.courtservice.gov.uk/tribunals/lands/decisions/dec-ra-45-00.htm</a> |
| Public note | View judgment on the Court Service website... |
| 942 ## - ADDED ENTRY ELEMENTS (KOHA) | |
| Suppress in OPAC | 0 |
| Withdrawn status | Lost status | Source of classification or shelving scheme | Damaged status | Not for loan | Home library | Current library | Shelving location | Date acquired | Total Checkouts | Full call number | Barcode | Date last seen | Copy number | Price effective from | Koha item type |
|---|---|---|---|---|---|---|---|---|---|---|---|---|---|---|---|
| Dewey Decimal Classification | London | London | Property market reports | 14/01/2002 | ABS64853 | 116272-1001 | 06/08/2019 | 1 | 06/08/2019 | Book |